[Event "XIII Festival A"]
[Site "Campobasso ITA"]
[Date "2006.07.21"]
[Round "2"]
[White "Messina, Roberta"]
[Black "Di Lascio, Savino"]
[Result "1-0"]
[WhiteElo "1859"]
[BlackElo "2048"]
[PlyCount "77"]
[EventDate "2006.07.21"]

1. e4 c6 2. d4 d5 3. Nc3 dxe4 4. Nxe4 Nf6 5. Ng3 h5 6. h4 e5 7. Be3 e4 8. Qd2
Bd6 9. O-O-O Bg4 10. Be2 Bxg3 11. fxg3 Qd5 12. Kb1 a5 13. Nh3 Bxe2 14. Qxe2 Na6
15. Nf4 Qd6 16. Rhf1 b5 17. Bd2 Qxd4 18. Bc3 Qc4 19. Bxf6 gxf6 20. Qxc4 bxc4
21. Rd4 f5 22. Ne2 c5 23. Rxc4 Rd8 24. Rxf5 Rd1+ 25. Nc1 Re1 26. Re5+ Kd7 27.
Rcxe4 Rxe4 28. Rxe4 Rg8 29. Ne2 Nb4 30. a3 Nc6 31. Kc1 f5 32. Re3 Kd6 33. Nf4
Rh8 34. Rd3+ Kc7 35. Ne6+ Kc8 36. Nxc5 Rg8 37. Ne6 Re8 38. Nf4 Rh8 39. Rd5 1-0

[Event "XIII Festival A"]
[Site "Campobasso ITA"]
[Date "2006.07.21"]
[Round "2"]
[White "Ortega, Lexy"]
[Black "Borino, Paolo"]
[Result "1-0"]
[WhiteElo "2435"]
[BlackElo "2001"]
[PlyCount "86"]
[EventDate "2006.07.21"]

1. e4 d6 2. d4 Nf6 3. Nc3 c6 4. h3 Qc7 5. g4 e5 6. Bg2 Be7 7. Nge2 Na6 8. Be3
b5 9. a3 b4 10. axb4 Nxb4 11. Ng3 O-O 12. O-O Ba6 13. Re1 Rfe8 14. Qd2 Rad8 15.
Nf5 Bf8 16. Bg5 exd4 17. Bxf6 gxf6 18. Nxd4 d5 19. exd5 Rxe1+ 20. Rxe1 cxd5 21.
Nf5 Bb7 22. Rd1 Qe5 23. Re1 Qc7 24. Rc1 d4 25. Ne4 Bxe4 26. Bxe4 Qc4 27. Rd1
Re8 28. Ng3 Rd8 29. c3 Nc6 30. Bxc6 Qxc6 31. cxd4 Qc4 32. Qd3 Qb4 33. b3 Rb8
34. Ra1 a5 35. Nf5 Rc8 36. Qa6 Qc3 37. Rf1 Rc6 38. Qa8 Rc8 39. Qb7 Rc7 40. Qa8
Rc8 41. Qg2 Qb4 42. g5 Rc3 43. Qg4 Qxb3 1-0

[Event "XIII Festival A"]
[Site "Campobasso ITA"]
[Date "2006.07.21"]
[Round "2"]
[White "Panella, Fiammetta"]
[Black "Affinito, Pancrazio"]
[Result "1-0"]
[WhiteElo "1954"]
[BlackElo "2063"]
[PlyCount "77"]
[EventDate "2006.07.21"]

1. e4 c5 2. Nf3 Nc6 3. d4 cxd4 4. Nxd4 g6 5. f4 d6 6. Nc3 Bg7 7. Nf3 Nf6 8. Bd3
Bd7 9. O-O Ng4 10. Qe1 Qa5 11. Bd2 Qc5+ 12. Kh1 Nd4 13. h3 Nxf3 14. Rxf3 h5 15.
Rf1 Bd4 16. Nd1 Nh6 17. c3 Bg7 18. Be3 Qc7 19. c4 Bc6 20. Nc3 Qd7 21. Rd1 Qc7
22. Qd2 f5 23. exf5 Nxf5 24. Bxf5 gxf5 25. Qc2 e6 26. c5 d5 27. Ne2 Bb5 28.
Rfe1 Bxe2 29. Qxe2 O-O-O 30. Bd4 Rde8 31. Bxg7 Qxg7 32. Rc1 Kb8 33. c6 b6 34.
c7+ Kb7 35. Qb5 Rhg8 36. Re2 Qd4 37. Qc6+ Kc8 38. Rxe6 Ref8 39. Re7 1-0

[Event "XIII Festival A"]
[Site "Campobasso ITA"]
[Date "2006.07.21"]
[Round "2"]
[White "Petruccioli, Antonio"]
[Black "Grasso, Nino"]
[Result "0-1"]
[WhiteElo "2083"]
[BlackElo "1972"]
[PlyCount "56"]
[EventDate "2006.07.21"]

1. e4 e5 2. Bc4 Nf6 3. d3 Bc5 4. Nf3 d6 5. c3 Nc6 6. b4 Bb6 7. a4 a6 8. O-O h6
9. Nbd2 Bg4 10. h3 Bh5 11. Qb3 O-O 12. a5 Ba7 13. g4 Bg6 14. Nh4 Bh7 15. Ndf3
Ne7 16. b5 d5 17. exd5 e4 18. dxe4 Bxe4 19. g5 Qd6 20. Kg2 axb5 21. Qxb5 Nfxd5
22. gxh6 Ng6 23. Nf5 Qe5 24. hxg7 Bxf3+ 25. Kg1 Rfd8 26. Bd3 Ngf4 27. Ng3 Nxd3
28. Qxd3 Qxg3# 0-1

[Event "XIII Festival A"]
[Site "Campobasso ITA"]
[Date "2006.07.21"]
[Round "2"]
[White "Rossi, Aldo A."]
[Black "Miladinovic, Igor"]
[Result "0-1"]
[WhiteElo "2211"]
[BlackElo "2584"]
[PlyCount "94"]
[EventDate "2006.07.21"]

1. d4 d5 2. Bf4 c5 3. e3 Nc6 4. c3 Qb6 5. Qb3 c4 6. Qxb6 axb6 7. Nd2 b5 8. e4
e6 9. exd5 exd5 10. g3 b4 11. Bg2 Nge7 12. Ne2 Bg4 13. Nf1 Kd7 14. Bd2 b3 15.
a3 Ra5 16. Ne3 Be6 17. O-O f6 18. Rae1 Nd8 19. Bc1 Rg8 20. f4 Nf5 21. h3 h5 22.
Nd1 Bd6 23. Nf2 g6 24. Bd2 Nf7 25. Bc1 Bc7 26. Bd2 N7d6 27. Nd1 Ne4 28. Bxe4
dxe4 29. Kg2 e3 30. Nxe3 Nxe3+ 31. Bxe3 Bd6 32. Bc1 Rb5 33. a4 Ra5 34. Be3 Rxa4
35. Ra1 Rga8 36. Rxa4 Rxa4 37. Bc1 Ra2 38. Re1 b5 39. Ng1 b4 40. Ne2 Bf5 41. d5
Be4+ 42. Kf2 Bd3 43. Ke3 Bc5+ 44. Kd2 Bf2 45. Rf1 bxc3+ 46. Kxc3 Bb6 47. Kd2
Bxe2 0-1

[Event "XIII Festival A"]
[Site "Campobasso ITA"]
[Date "2006.07.21"]
[Round "2"]
[White "Scerbo, Antonio"]
[Black "Lagumina, Giulio"]
[Result "0-1"]
[WhiteElo "2109"]
[BlackElo "2315"]
[PlyCount "76"]
[EventDate "2006.07.21"]

1. d4 d5 2. c4 c6 3. Nf3 Nf6 4. Nc3 e6 5. Bg5 dxc4 6. e3 b5 7. Ne5 h6 8. Bh4
Bb4 9. Be2 Bb7 10. Bf3 Qb6 11. O-O Nbd7 12. Nxd7 Nxd7 13. Ne4 Be7 14. Bxe7 Kxe7
15. Qd2 a5 16. Rfd1 Rhd8 17. Qc3 Kf8 18. Nd6 Nf6 19. Nxb7 Qxb7 20. e4 Qb6 21.
Rac1 Ra7 22. Rd2 Rad7 23. Rcd1 Kg8 24. g3 Qc7 25. h4 e5 26. Qe3 exd4 27. Rxd4
Qe5 28. Rxd7 Rxd7 29. Rxd7 Nxd7 30. Qd2 Nc5 31. Qc2 Nd3 32. b3 Qa1+ 33. Kh2 Qb2
34. Qxb2 Nxb2 35. bxc4 bxc4 36. e5 c3 37. Be4 Nc4 38. Kg2 Na3 0-1

[Event "XIII Festival A"]
[Site "Campobasso ITA"]
[Date "2006.07.21"]
[Round "2"]
[White "Scipioni, Gaetano"]
[Black "Scagliarini, Bruno"]
[Result "1-0"]
[WhiteElo "2070"]
[BlackElo "1956"]
[PlyCount "93"]
[EventDate "2006.07.21"]

1. d4 e6 2. Nf3 Nf6 3. Bf4 c5 4. e3 Nc6 5. Nbd2 cxd4 6. exd4 Be7 7. Bd3 O-O 8.
c3 d6 9. Qe2 Re8 10. O-O Bf8 11. Ne4 Nxe4 12. Bxe4 g6 13. Rad1 Qc7 14. h4 e5
15. dxe5 dxe5 16. Bg3 Bg4 17. Qc4 Be6 18. Qa4 Bd7 19. Qc2 Bg4 20. Rfe1 Bg7 21.
Qa4 Bd7 22. Qc4 Be6 23. Qc5 Bf8 24. Bxe5 Bxc5 25. Bxc7 Bxa2 26. b4 Re7 27. Bf4
Bb6 28. Bc2 Rae8 29. Rxe7 Rxe7 30. Re1 Rxe1+ 31. Nxe1 Bd8 32. Be4 a6 33. g3 Bf6
34. Bd2 Bc4 35. Nd3 Be7 36. Nb2 Be6 37. Nd3 f5 38. Bg2 Kf7 39. Bxc6 bxc6 40.
Ne5+ Ke8 41. Nxc6 Bf6 42. Na5 Kd7 43. Nb7 Bc4 44. Nc5+ Kc6 45. Na4 Kb5 46. Nb2
Be6 47. Kf1 1-0

[Event "XIII Festival A"]
[Site "Campobasso ITA"]
[Date "2006.07.21"]
[Round "2"]
[White "Stoyko, Maksym"]
[Black "Cappai, Davide"]
[Result "1-0"]
[WhiteElo "1978"]
[BlackElo "2092"]
[PlyCount "82"]
[EventDate "2006.07.21"]

1. d4 f5 2. g3 Nf6 3. Bg2 e6 4. Nf3 Be7 5. c4 O-O 6. O-O d5 7. b3 c6 8. Ba3
Nbd7 9. Bxe7 Qxe7 10. Nbd2 b6 11. Qc2 Ba6 12. Rfc1 Rac8 13. e3 Qd6 14. Qb2 Ne4
15. b4 Qb8 16. Rab1 Nd6 17. c5 Ne4 18. cxb6 axb6 19. Bf1 Bb7 20. a4 Qd6 21. a5
Ra8 22. axb6 Nxb6 23. Ne5 Rfc8 24. f3 Nxd2 25. Qxd2 Ra3 26. Rc3 Rca8 27. Qc1
Ra2 28. Nxc6 Na4 29. Ne7+ Qxe7 30. Rc7 Qg5 31. Rxb7 Qh5 32. Bg2 f4 33. Qc7 Qg6
34. Rb8+ Rxb8 35. Qxb8+ Kf7 36. Qxf4+ Kg8 37. Qb8+ Kf7 38. Qc7+ Kg8 39. Rc1 h6
40. Bh3 Kh7 41. Qe5 Nc3 1-0

[Event "XIII Festival A"]
[Site "Campobasso ITA"]
[Date "2006.07.21"]
[Round "2"]
[White "Vincenzi, Marco"]
[Black "Iafelice, Vincenzo"]
[Result "0-1"]
[WhiteElo "2026"]
[BlackElo "2074"]
[PlyCount "105"]
[EventDate "2006.07.21"]

1. d4 f5 2. Bg5 g6 3. h4 Bg7 4. e3 h6 5. Bf4 Nc6 6. Nf3 d6 7. c4 e5 8. dxe5
dxe5 9. Qxd8+ Kxd8 10. Bh2 e4 11. Nd4 Nxd4 12. exd4 Bxd4 13. Nc3 Bxc3+ 14. bxc3
Be6 15. O-O-O+ Kc8 16. Be2 Rh7 17. f3 Nf6 18. Be5 Nd7 19. Bf4 b6 20. Rhe1 Kb7
21. Bf1 Rf8 22. g3 Nf6 23. Bg2 Bxc4 24. fxe4 fxe4 25. Be5 Bxa2 26. h5 Re7 27.
Bxf6 Rxf6 28. Bxe4+ Rxe4 29. Rxe4 gxh5 30. Rd7 Be6 31. Re7 Bg4 32. Rc4 Rc6 33.
Rxc6 Kxc6 34. Kb2 a5 35. Rh7 b5 36. Rxh6+ Kd5 37. Rf6 c5 38. Rf4 Ke5 39. Ka3
b4+ 40. cxb4 axb4+ 41. Kb2 Bf5 42. Kb3 Be6+ 43. Kb2 c4 44. Kc1 Kd5 45. Kb2 c3+
46. Kc2 Kc5 47. Kb1 Bd7 48. Kc2 Ba4+ 49. Kd3 Bb5+ 50. Kc2 Be2 51. Rf5+ Kc4 52.
Rf4+ Kc5 53. Rf5+ 0-1

[Event "XIII Festival A"]
[Site "Campobasso ITA"]
[Date "2006.07.21"]
[Round "2"]
[White "Vuelban, Virgilio"]
[Black "Bove, Alessandro"]
[Result "1-0"]
[WhiteElo "2312"]
[BlackElo "2097"]
[PlyCount "53"]
[EventDate "2006.07.21"]

1. e4 e5 2. Nf3 d6 3. d4 Nd7 4. c4 g6 5. Bg5 Ne7 6. dxe5 h6 7. Bf4 g5 8. Bg3 g4
9. exd6 cxd6 10. Nd4 Bg7 11. Nc3 O-O 12. Be2 Qb6 13. Nb3 Ne5 14. O-O h5 15. Qd2
N7g6 16. Rad1 h4 17. Bf4 Be6 18. Nd5 Qd8 19. Bg5 Qc8 20. Nf6+ Kh8 21. Nh5 Nf3+
22. Bxf3 gxf3 23. Bf6 Kg8 24. Bxg7 fxg2 25. Rfe1 Bg4 26. Qh6 Bxh5 27. Bf6 1-0

[Event "XIII Festival A"]
[Site "Campobasso ITA"]
[Date "2006.07.22"]
[Round "3"]
[White "Borino, Paolo"]
[Black "Granaldi, Alessandro"]
[Result "0-1"]
[WhiteElo "2001"]
[BlackElo "1995"]
[PlyCount "62"]
[EventDate "2006.07.21"]

1. f4 d6 2. Nf3 g6 3. e4 Bg7 4. Bc4 Nf6 5. Nc3 c5 6. O-O O-O 7. d3 Nc6 8. Qe1
Na5 9. Qh4 Nxc4 10. dxc4 h5 11. f5 gxf5 12. Bg5 fxe4 13. Bxf6 exf6 14. Nxe4 Bf5
15. Ng3 Bg6 16. Nxh5 f5 17. Ng5 Bh6 18. Nf6+ Kg7 19. Nh5+ Bxh5 20. Rxf5 Bg6 21.
Raf1 Qe7 22. Qg3 Bxg5 23. Rxg5 Rae8 24. Kh1 Qe2 25. Qf4 f6 26. Rg3 Re5 27. Rh3
Rg5 28. Rg1 Qe5 29. Qd2 Rh8 30. Rxh8 Kxh8 31. Re1 Be4 0-1

[Event "XIII Festival A"]
[Site "Campobasso ITA"]
[Date "2006.07.22"]
[Round "3"]
[White "Bottega, Antonio"]
[Black "Scerbo, Antonio"]
[Result "0-1"]
[WhiteElo "1967"]
[BlackElo "2109"]
[PlyCount "77"]
[EventDate "2006.07.21"]

1. d4 Nf6 2. Nf3 g6 3. e3 Bg7 4. Nbd2 O-O 5. e4 d6 6. Be2 c5 7. c3 b6 8. O-O
Bb7 9. Bd3 cxd4 10. cxd4 Nc6 11. b3 Rc8 12. a3 Nh5 13. Bb2 Nf4 14. Bb1 Qd7 15.
g3 Nh3+ 16. Kg2 g5 17. Nc4 g4 18. Nh4 f5 19. d5 Bxb2 20. Nxb2 fxe4 21. Bxe4 Ne5
22. Nc4 Ng5 23. Qe2 Qb5 24. a4 Qxd5 25. Bxd5+ Bxd5+ 26. f3 Rxf3 27. Qxe5 dxe5
28. Nxf3 Nxf3 29. Ne3 Bb7 30. Nxg4 Nd2+ 31. Kh3 Nxf1 32. Rxf1 Rc2 33. Nh6+ Kh8
34. Nf7+ Kg7 35. Kh4 Rxh2+ 36. Kg5 h6+ 37. Nxh6 Rxh6 38. Rf7+ Kxf7 39. Kxh6 0-1

[Event "XIII Festival A"]
[Site "Campobasso ITA"]
[Date "2006.07.22"]
[Round "3"]
[White "Del Dotto, Riccardo"]
[Black "Vincenzi, Marco"]
[Result "1-0"]
[WhiteElo "2180"]
[BlackElo "2026"]
[PlyCount "57"]
[EventDate "2006.07.21"]

1. e4 c5 2. Nc3 Nc6 3. g3 g6 4. Bg2 Bg7 5. d3 e6 6. Be3 Nge7 7. Bxc5 Qa5 8. Be3
d5 9. Bd2 Qb6 10. Rb1 O-O 11. Nf3 Rd8 12. O-O Qa6 13. a3 Bxc3 14. Bxc3 dxe4 15.
Ne1 exd3 16. Nxd3 Nd5 17. Bd2 Qb5 18. Qg4 Nde7 19. Bc3 e5 20. Qh4 Be6 21. Nxe5
Nxe5 22. Qxe7 Nd7 23. Rbd1 Re8 24. Qh4 Rac8 25. Qd4 Rxc3 26. Qxc3 Nc5 27. b4
Na4 28. Qc7 a6 29. c4 1-0

[Event "XIII Festival A"]
[Site "Campobasso ITA"]
[Date "2006.07.22"]
[Round "3"]
[White "Di Lascio, Savino"]
[Black "Canelli, Daniele"]
[Result "1-0"]
[WhiteElo "2048"]
[BlackElo "2066"]
[PlyCount "87"]
[EventDate "2006.07.21"]

1. Nf3 c5 2. g3 d5 3. Bg2 Nf6 4. O-O Nc6 5. d3 e5 6. Nbd2 Bg4 7. c3 Qd7 8. Qa4
Bd6 9. e4 d4 10. Nc4 Bc7 11. Bg5 a6 12. Bxf6 gxf6 13. Qb3 b5 14. Ncd2 Be6 15.
Qc2 Bd6 16. Rfe1 Rc8 17. c4 Nb4 18. Qb1 Bc7 19. a3 Nc6 20. b3 Rb8 21. Qc2 Bd6
22. Nh4 b4 23. a4 Ne7 24. Qd1 Bg4 25. f3 Bh5 26. g4 Bg6 27. Nf5 Bc7 28. Re2 h5
29. gxh5 Nxf5 30. exf5 Bxf5 31. Ne4 Bxe4 32. Rxe4 Rxh5 33. f4 Rh8 34. Qf3 Qf5
35. Rae1 Qh5 36. Qg3 Kf8 37. fxe5 Re8 38. exf6 Rxe4 39. Qg7+ Ke8 40. Rxe4+ Kd8
41. h4 Re8 42. Rxe8+ Kxe8 43. Bc6+ Kd8 44. Qf8# 1-0

[Event "XIII Festival A"]
[Site "Campobasso ITA"]
[Date "2006.07.22"]
[Round "3"]
[White "Grasso, Nino"]
[Black "Ficco, Corrado"]
[Result "1/2-1/2"]
[WhiteElo "1972"]
[BlackElo "2165"]
[PlyCount "77"]
[EventDate "2006.07.21"]

1. e4 g6 2. d4 Bg7 3. Nf3 d6 4. Bc4 c6 5. O-O Nf6 6. Re1 O-O 7. e5 dxe5 8. Nxe5
Nbd7 9. Bf4 Nd5 10. Qf3 Nxf4 11. Qxf4 Nxe5 12. dxe5 Qb6 13. Bb3 Be6 14. Nd2
Bxb3 15. Nxb3 Rad8 16. Qe3 Rd5 17. Qxb6 axb6 18. f4 Rfd8 19. Kf2 f6 20. exf6
Bxf6 21. c3 e5 22. Re4 exf4 23. Rxf4 Be5 24. Rh4 Kg7 25. Re1 Bf6 26. Rb4 b5 27.
a4 bxa4 28. Rxb7+ R5d7 29. Rxd7+ Rxd7 30. Nc5 Rf7 31. Kg1 a3 32. Ne6+ Kg8 33.
bxa3 Bxc3 34. Rc1 Bd2 35. Rd1 Be3+ 36. Kh1 Ra7 37. Rd3 Bc1 38. Rc3 Bxa3 39.
Rxc6 1/2-1/2

[Event "XIII Festival A"]
[Site "Campobasso ITA"]
[Date "2006.07.22"]
[Round "3"]
[White "Iafelice, Vincenzo"]
[Black "Gromovs, Sergejs"]
[Result "0-1"]
[WhiteElo "2074"]
[BlackElo "2314"]
[PlyCount "111"]
[EventDate "2006.07.21"]

1. e4 c5 2. Nf3 d6 3. d4 cxd4 4. Nxd4 Nf6 5. Nc3 a6 6. a4 e5 7. Nf3 Be6 8. Be2
h6 9. O-O Be7 10. Re1 O-O 11. h3 Nbd7 12. b3 Rc8 13. Bb2 Qa5 14. Qd2 Qb6 15. a5
Qc6 16. Bd3 Rfe8 17. Rad1 Nf8 18. Na4 Bd8 19. c4 Bc7 20. Qb4 Ng6 21. Nc3 Nf4
22. Bf1 Bb8 23. Bc1 g5 24. Qb6 Bc7 25. Qb4 Kh7 26. Kh2 g4 27. Nh4 Rg8 28. Nd5
Bxd5 29. exd5 Qc5 30. Qxc5 dxc5 31. d6 Bxa5 32. Rxe5 Ng6 33. Nxg6 fxg6 34. Re7+
Rg7 35. Bb2 Rxe7 36. dxe7 Ng8 37. Rd7 Re8 38. hxg4 Rxe7 39. Rxe7+ Nxe7 40. Bd3
Bc7+ 41. g3 Nc6 42. Be4 Na5 43. Bc2 b5 44. Bc3 Nb7 45. f4 bxc4 46. bxc4 Nd6 47.
f5 gxf5 48. gxf5 Kg8 49. Kg2 Kf7 50. Kf3 Bd8 51. Be5 Nc8 52. Be4 Nb6 53. Bd6
Be7 54. Bc7 Nd7 55. Bb7 Kf6 56. Ke4 0-1

[Event "XIII Festival A"]
[Site "Campobasso ITA"]
[Date "2006.07.22"]
[Round "3"]
[White "Lagumina, Giulio"]
[Black "Iordachescu, Viorel"]
[Result "1-0"]
[WhiteElo "2315"]
[BlackElo "2603"]
[PlyCount "86"]
[EventDate "2006.07.21"]

1. e4 c5 2. Nf3 e6 3. d3 Nc6 4. g3 Nf6 5. Bg2 d6 6. O-O Be7 7. c3 O-O 8. Re1
Bd7 9. a3 b5 10. d4 d5 11. exd5 Nxd5 12. dxc5 Bxc5 13. Nbd2 Rc8 14. Ne4 Be7 15.
a4 b4 16. c4 Nf6 17. Nd6 Rb8 18. Bf4 Qb6 19. Rc1 Qc5 20. Ne4 Nxe4 21. Rxe4 Rbd8
22. Bc7 Bf6 23. Bxd8 Rxd8 24. Qc2 Na5 25. Rd1 b3 26. Qd3 Qc7 27. Qd6 Qxd6 28.
Rxd6 Nb7 29. Rd2 Nc5 30. Re3 Rb8 31. Ne5 Bxa4 32. Nd3 Rc8 33. Nxc5 Rxc5 34. Bf1
g6 35. Be2 h5 36. h4 a5 37. Kh2 Rc8 38. Bd1 Rb8 39. c5 Kf8 40. c6 Bxc6 41. Rxb3
Rxb3 42. Bxb3 Ke7 43. Bc4 a4 1-0

[Event "XIII Festival A"]
[Site "Campobasso ITA"]
[Date "2006.07.22"]
[Round "3"]
[White "Ljubisavljevic, Zivojin Z."]
[Black "Madan, Augustin"]
[Result "0-1"]
[WhiteElo "2290"]
[BlackElo "2411"]
[PlyCount "150"]
[EventDate "2006.07.21"]

1. d4 Nf6 2. Bg5 c5 3. Bxf6 gxf6 4. dxc5 Qa5+ 5. c3 Qxc5 6. e3 d5 7. Nd2 e5 8.
Nb3 Qc6 9. Nf3 Be6 10. Be2 Nd7 11. Nh4 Qa4 12. g3 Nb6 13. f4 Be7 14. Nd2 Qc6
15. a4 O-O-O 16. Bb5 Qc7 17. f5 Bd7 18. Qe2 Kb8 19. O-O Bxb5 20. axb5 Nc4 21.
Nxc4 Qxc4 22. Qxc4 dxc4 23. Ra4 Rd2 24. Rf2 Rd1+ 25. Kg2 Rc8 26. Nf3 Rc5 27.
Rd2 Rxd2+ 28. Nxd2 Rxb5 29. Nxc4 e4 30. Ra5 Rxa5 31. Nxa5 Kc7 32. Nb3 Kd6 33.
Kh3 b5 34. Kg4 Kd5 35. Nd4 a6 36. Kh5 Bf8 37. g4 Kc4 38. g5 Kd3 39. g6 fxg6+
40. fxg6 hxg6+ 41. Kxg6 Kxe3 42. Nc6 Bd6 43. h4 Kd3 44. h5 e3 45. Nd4 Bf4 46.
b3 Bg5 47. Nf3 Kxc3 48. Nxg5 fxg5 49. h6 e2 50. h7 e1=Q 51. h8=Q+ Kxb3 52. Qg8+
Kb4 53. Qf8+ Ka4 54. Qc8 Qe4+ 55. Kxg5 a5 56. Qc1 b4 57. Qa1+ Kb5 58. Qf1+ Qc4
59. Qd1 Qc5+ 60. Kg6 a4 61. Qe2+ Ka5 62. Kh7 a3 63. Qd2 Qc4 64. Qd1 Qc7+ 65.
Kg8 Qb8+ 66. Kf7 Qb7+ 67. Kg8 a2 68. Qh5+ Ka4 69. Qd1+ b3 70. Qd4+ Ka3 71. Qc3
Qb8+ 72. Kh7 Qb4 73. Qc1+ b2 74. Qe3+ Ka4 75. Qa7+ Kb3 0-1

[Event "XIII Festival A"]
[Site "Campobasso ITA"]
[Date "2006.07.22"]
[Round "3"]
[White "Miladinovic, Igor"]
[Black "Corvi, Marco"]
[Result "1-0"]
[WhiteElo "2584"]
[BlackElo "2318"]
[PlyCount "95"]
[EventDate "2006.07.21"]

1. d4 d5 2. c4 c6 3. cxd5 cxd5 4. Nc3 Nf6 5. Bf4 Nc6 6. e3 e6 7. Bd3 Bd6 8.
Bxd6 Qxd6 9. f4 Bd7 10. Nf3 Nb4 11. Bb1 Rc8 12. Ne5 Bc6 13. a3 Na6 14. O-O Nc7
15. f5 Bd7 16. fxe6 Bxe6 17. Qa4+ Nd7 18. Bf5 f6 19. Bxe6 Qxe6 20. Nxd7 Qxd7
21. Qxa7 Nb5 22. Qa5 Nxc3 23. bxc3 O-O 24. Rab1 Rfe8 25. Rf3 Qc6 26. h3 Red8
27. Rb5 Ra8 28. Qb4 Rxa3 29. Rxb7 Ra1+ 30. Kh2 Qd6+ 31. Qxd6 Rxd6 32. Rf2 Ra8
33. Rfb2 Rad8 34. Kg3 R6d7 35. Kf4 Kf7 36. e4 dxe4 37. Kxe4 Re8+ 38. Kd3 Ree7
39. Rxd7 Rxd7 40. c4 f5 41. d5 Kf6 42. Kd4 f4 43. c5 Ra7 44. c6 g5 45. Rc2 Ra4+
46. Kc5 h5 47. c7 Ra8 48. d6 1-0

[Event "XIII Festival A"]
[Site "Campobasso ITA"]
[Date "2006.07.22"]
[Round "3"]
[White "Mrdja, Milan"]
[Black "Vuelban, Virgilio"]
[Result "1/2-1/2"]
[WhiteElo "2414"]
[BlackElo "2312"]
[PlyCount "59"]
[EventDate "2006.07.21"]

1. e4 c5 2. Nf3 d6 3. d4 cxd4 4. Qxd4 a6 5. c4 Nc6 6. Qd2 Nf6 7. Nc3 e6 8. Be2
Be7 9. O-O O-O 10. b3 Qc7 11. Bb2 b6 12. Rac1 Nb8 13. Nd4 Bb7 14. Qe3 Nbd7 15.
f4 Rfe8 16. b4 Rac8 17. g4 e5 18. Nf5 exf4 19. Qxf4 Ne5 20. g5 Nfd7 21. Nd5
Bxd5 22. cxd5 Qb7 23. Nxg7 Kxg7 24. Qxf7+ Kh8 25. g6 hxg6 26. Rf3 Bh4 27. Rh3
g5 28. Qh5+ Kg7 29. Rxh4 gxh4 30. Qg5+ 1/2-1/2

[Event "XIII Festival A"]
[Site "Campobasso ITA"]
[Date "2006.07.22"]
[Round "3"]
[White "Palladino, Andrea"]
[Black "Capuano, Eugenio"]
[Result "0-1"]
[WhiteElo "1874"]
[BlackElo "2255"]
[PlyCount "54"]
[EventDate "2006.07.21"]

1. d4 Nf6 2. Nf3 g6 3. c4 Bg7 4. Nc3 O-O 5. e4 d6 6. Be2 e5 7. O-O Na6 8. Bg5
h6 9. Bh4 g5 10. Bg3 Nh5 11. d5 f5 12. exf5 Bxf5 13. Nd2 Nf6 14. Bf3 Nc5 15. b4
Nd3 16. Nce4 Nxb4 17. Qb3 a5 18. a3 Na6 19. Qxb7 g4 20. Nxf6+ Qxf6 21. Be4 Nc5
22. Qb1 Nxe4 23. Nxe4 Qg6 24. Re1 h5 25. Bh4 Rfb8 26. Qc2 a4 27. Qe2 Rb3 0-1

[Event "XIII Festival A"]
[Site "Campobasso ITA"]
[Date "2006.07.22"]
[Round "3"]
[White "Panella, Fiammetta"]
[Black "Cordi', Domenico"]
[Result "0-1"]
[WhiteElo "1954"]
[BlackElo "2065"]
[PlyCount "69"]
[EventDate "2006.07.21"]

1. e4 c5 2. Nf3 d6 3. d4 cxd4 4. Nxd4 Nf6 5. Nc3 a6 6. f4 e5 7. Nf3 Qc7 8. a4
Bg4 9. h3 Bxf3 10. Qxf3 Nc6 11. Bd3 exf4 12. Bxf4 Ne5 13. Qe2 Qc5 14. Be3 Qc6
15. Rd1 Be7 16. O-O O-O 17. Kh1 Rae8 18. Rf2 Bd8 19. Qf1 Nh5 20. Ne2 Nxd3 21.
cxd3 Qxa4 22. Rf5 Nf6 23. Nc3 Qb4 24. Qf2 Re6 25. Bd4 Qb3 26. Rf1 b5 27. Qg3
Kh8 28. Nd5 Rg8 29. Rg5 Nxe4 30. dxe4 Qxg3 31. Rxg3 Rxe4 32. Bc3 f6 33. Rd1 a5
34. Bd4 Rge8 35. Nc3 0-1

[Event "XIII Festival A"]
[Site "Campobasso ITA"]
[Date "2006.07.22"]
[Round "3"]
[White "Quimi, Marco"]
[Black "Messina, Roberta"]
[Result "1-0"]
[WhiteElo "2305"]
[BlackElo "1859"]
[PlyCount "75"]
[EventDate "2006.07.21"]

1. e4 c5 2. Bc4 e6 3. Qe2 d6 4. Nf3 Nf6 5. d3 Be7 6. O-O O-O 7. Nbd2 Nc6 8. a3
a6 9. Re1 b5 10. Ba2 Re8 11. Nf1 d5 12. e5 Nd7 13. c3 Nb6 14. d4 cxd4 15. cxd4
Nc4 16. Ng3 Qb6 17. Qd3 f5 18. exf6 Bxf6 19. Bb1 g6 20. b3 Nd6 21. Bb2 a5 22.
h4 Re7 23. h5 Nf5 24. Ne5 Nxe5 25. dxe5 Bh4 26. Nh1 Ba6 27. Qh3 Bg5 28. Qg4 Bh6
29. hxg6 hxg6 30. Qxg6+ Rg7 31. Qh5 Rf8 32. Bxf5 Rxf5 33. Qxh6 Rfg5 34. Qh3 d4
35. Bc1 R5g6 36. Ng3 Rh7 37. Nh5 Bb7 38. f3 1-0

[Event "XIII Festival A"]
[Site "Campobasso ITA"]
[Date "2006.07.22"]
[Round "3"]
[White "Rosato, Luciano"]
[Black "Scipioni, Gaetano"]
[Result "1/2-1/2"]
[WhiteElo "2215"]
[BlackElo "2070"]
[PlyCount "52"]
[EventDate "2006.07.21"]

1. Nf3 d5 2. g3 Nf6 3. Bg2 Bf5 4. O-O e6 5. d3 Be7 6. c3 c6 7. Nh4 Bg4 8. Qc2
O-O 9. a4 a5 10. Na3 Na6 11. e4 dxe4 12. dxe4 Nd7 13. Nf3 e5 14. Nc4 Qc7 15.
Ne3 Be6 16. Nf5 Bf6 17. Ng5 Bxg5 18. Bxg5 f6 19. Be3 Rad8 20. Qe2 Nb6 21. Qg4
Bxf5 22. Qxf5 Nc4 23. Bc1 Nd2 24. Re1 Nb3 25. Rb1 Nd2 26. Ra1 Nb3 1/2-1/2

[Event "XIII Festival A"]
[Site "Campobasso ITA"]
[Date "2006.07.22"]
[Round "3"]
[White "Sabia, Corrado"]
[Black "Stoyko, Maksym"]
[Result "1-0"]
[WhiteElo "2146"]
[BlackElo "1978"]
[PlyCount "101"]
[EventDate "2006.07.21"]

1. e4 e5 2. Nf3 Nc6 3. Bb5 a6 4. Ba4 Nf6 5. O-O b5 6. Bb3 Bb7 7. c3 Nxe4 8. Re1
Nc5 9. Nxe5 Nxe5 10. Rxe5+ Be7 11. Bc2 d6 12. Re3 Ne6 13. d4 Bg5 14. Rxe6+ fxe6
15. Qh5+ Kd7 16. Bxg5 Qf8 17. Nd2 g6 18. Qg4 h6 19. Be3 g5 20. Be4 Bxe4 21.
Nxe4 Qf5 22. f3 Qxg4 23. Nf6+ Kc6 24. Nxg4 Kd5 25. Kf2 Raf8 26. Ke2 h5 27. Nf2
Rhg8 28. h3 e5 29. Rd1 a5 30. b3 a4 31. Rd2 axb3 32. axb3 Ke6 33. dxe5 Kxe5 34.
Rd4 Ra8 35. Re4+ Kf6 36. Rb4 Ra5 37. Ne4+ Kf5 38. Rd4 Ra2+ 39. Bd2 g4 40. hxg4+
hxg4 41. Ng3+ Ke5 42. fxg4 Rb2 43. b4 c5 44. Re4+ Kd5 45. g5 cxb4 46. Rd4+ Ke5
47. Rxb4 Rxb4 48. cxb4 Kd5 49. Kd3 Ke5 50. Ne4 d5 51. Nc3 1-0

[Event "XIII Festival A"]
[Site "Campobasso ITA"]
[Date "2006.07.22"]
[Round "3"]
[White "Santurbano, Maria Vincenza"]
[Black "Frontini, Yuri Diego"]
[Result "0-1"]
[WhiteElo "1985"]
[BlackElo "2055"]
[PlyCount "94"]
[EventDate "2006.07.21"]

1. e4 a6 2. d4 b5 3. a4 Bb7 4. axb5 axb5 5. Rxa8 Bxa8 6. Nf3 Bxe4 7. Nc3 Bxf3
8. Qxf3 c6 9. Bd3 e6 10. O-O d5 11. Re1 Nf6 12. Bg5 b4 13. Nb1 Be7 14. c4 dxc4
15. Bxc4 Qxd4 16. Nd2 Qxb2 17. Qe3 O-O 18. Bxe6 Bd8 19. Bf5 Nd5 20. Qh3 h6 21.
Bxh6 gxh6 22. Qxh6 Qg7 23. Qd6 Be7 24. Rxe7 Nxe7 25. Qxe7 Qa1+ 26. Bb1 Na6 27.
h4 Qd4 28. Qg5+ Qg7 29. Qe7 Qh6 30. Qe4 Rd8 31. Nf3 b3 32. Ng5 Rd1+ 33. Kh2
Rxb1 34. Qe8+ Qf8 35. Qe4 Qd6+ 36. f4 Qg6 37. f5 Qd6+ 38. Kh3 Rd1 39. Qe8+ Qf8
40. Qe2 Rh1+ 41. Kg3 Qb8+ 42. Kg4 Qb4+ 43. Kf3 Rxh4 44. Qe8+ Qf8 45. Qxc6 b2
46. Qb7 Rb4 47. Qxa6 b1=Q 0-1

[Event "XIII Festival A"]
[Site "Campobasso ITA"]
[Date "2006.07.22"]
[Round "3"]
[White "Scagliarini, Bruno"]
[Black "Petruccioli, Antonio"]
[Result "0-1"]
[WhiteElo "1956"]
[BlackElo "2083"]
[PlyCount "76"]
[EventDate "2006.07.21"]

1. c4 e5 2. g3 Nf6 3. Bg2 c6 4. d4 e4 5. Nc3 d5 6. Nh3 dxc4 7. Bg5 Bb4 8. O-O
Bxc3 9. bxc3 h6 10. Bxf6 Qxf6 11. Nf4 g5 12. Nh3 Qe7 13. e3 Bf5 14. Kh1 Qe6 15.
Ng1 Nd7 16. Qd2 Nf6 17. a4 h5 18. f3 g4 19. fxe4 Bxe4 20. Rf4 O-O-O 21. Raf1
Bxg2+ 22. Qxg2 Nd5 23. Re4 Qg6 24. Ne2 Rhe8 25. Rxe8 Rxe8 26. Nf4 Nxf4 27. exf4
Qd3 28. h3 Qxc3 29. d5 cxd5 30. Qxd5 Qd3 31. Qxd3 cxd3 32. Rd1 Re3 33. Kg2 Kd7
34. hxg4 hxg4 35. Kf2 Rf3+ 36. Kg2 Kd6 37. a5 b6 38. axb6 axb6 0-1